[Event "World Chess Olympiad 2018"]
[Site "Batumi"]
[Date "2018.09.27"]
[Round "4"]
[Board "4"]
[WhiteFideId "4300033"]
[White "Cheng Bobby"]
[BlackFideId "13602250"]
[Black "Quparadze Giga"]
[Result "1-0"]
[LiveChessVersion "1.4.8"]
[BlackElo "2495"]
[WhiteElo "2507"]

1. d4 {[%clk 1:30:57]} Nf6 {[%clk 1:30:55]} 2. c4 {[%clk 1:31:22]} e6
{[%clk 1:31:22]} 3. g3 {[%clk 1:31:48]} Bb4+ {[%clk 1:31:33]} 4. Nd2
{[%clk 1:32:12]} c5 {[%clk 1:31:40]} 5. a3 {[%clk 1:27:58]} Bxd2+
{[%clk 1:32:03]} 6. Qxd2 {[%clk 1:28:24]} cxd4 {[%clk 1:32:26]} 7. Nf3
{[%clk 1:18:39]} d5 {[%clk 1:28:22]} 8. cxd5 {[%clk 1:16:56]} Qxd5
{[%clk 1:28:29]} 9. Qxd4 {[%clk 1:17:14]} Nc6 {[%clk 1:26:13]} 10. Qxd5
{[%clk 1:17:17]} Nxd5 {[%clk 1:26:37]} 11. Bg2 {[%clk 1:17:35]} b6
{[%clk 1:26:17]} 12. e4 {[%clk 1:14:30]} Nf6 {[%clk 1:26:05]} 13. O-O
{[%clk 1:14:46]} Bb7 {[%clk 1:25:50]} 14. Re1 {[%clk 1:10:17]} Na5
{[%clk 1:22:43]} 15. Nd2 {[%clk 1:10:43]} Rc8 {[%clk 1:21:38]} 16. b4
{[%clk 0:55:26]} Nc4 {[%clk 1:22:02]} 17. Nxc4 {[%clk 0:55:53]} Rxc4
{[%clk 1:22:24]} 18. f3 {[%clk 0:56:20]} Ke7 {[%clk 1:21:57]} 19. Bf4
{[%clk 0:54:59]} Rhc8 {[%clk 1:21:48]} 20. Rec1 {[%clk 0:46:51]} Nd7
{[%clk 1:21:49]} 21. Bf1 {[%clk 0:40:27]} Rc3 {[%clk 1:22:11]} 22. Rxc3
{[%clk 0:40:54]} Rxc3 {[%clk 1:22:35]} 23. Rc1 {[%clk 0:41:22]} Rxc1
{[%clk 1:22:06]} 24. Bxc1 {[%clk 0:41:47]} f5 {[%clk 1:21:25]} 25. exf5
{[%clk 0:33:55]} Bxf3 {[%clk 1:21:20]} 26. Kf2 {[%clk 0:31:11]} Bc6
{[%clk 1:21:24]} 27. fxe6 {[%clk 0:29:15]} Kxe6 {[%clk 1:21:51]} 28. Bh3+
{[%clk 0:29:35]} Ke7 {[%clk 1:22:11]} 29. Bb2 {[%clk 0:28:54]} Nf6
{[%clk 1:22:13]} 30. Ke3 {[%clk 0:29:13]} Bd5 {[%clk 1:18:40]} 31. Kd4
{[%clk 0:07:45]} Bf3 {[%clk 1:19:04]} 32. Bf1 {[%clk 0:04:59]} Bc6
{[%clk 1:18:42]} 33. Be2 {[%clk 0:04:55]} Bd7 {[%clk 1:18:22]} 34. Ke5
{[%clk 0:04:34]} Bh3 {[%clk 1:16:21]} 35. Kf4 {[%clk 0:03:30]} Be6
{[%clk 1:14:59]} 36. Be5 {[%clk 0:03:07]} h6 {[%clk 1:15:03]} 37. h4
{[%clk 0:02:31]} a5 {[%clk 1:13:20]} 38. b5 {[%clk 0:01:46]} Bd7 {[%clk 1:12:10]}
39. Bc4 {[%clk 0:01:26]} a4 {[%clk 1:08:48]} 40. Bc3 {[%clk 0:30:33]} Ne8
{[%clk 1:31:00]} 41. g4 {[%clk 0:20:31]} Be6 {[%clk 1:28:51]} 42. Be2
{[%clk 0:16:06]} Bd7 {[%clk 1:29:11]} 43. Be5 {[%clk 0:14:44]} Nf6
{[%clk 1:26:31]} 44. g5 {[%clk 0:13:23]} hxg5+ {[%clk 1:26:45]} 45. Kxg5
{[%clk 0:13:07]} Be8 {[%clk 1:24:56]} 46. Bd3 {[%clk 0:13:26]} Nd7
{[%clk 1:23:25]} 47. Bxg7 {[%clk 0:08:48]} Nc5 {[%clk 1:23:51]} 48. Bf6+
{[%clk 0:08:18]} Kd6 {[%clk 1:24:16]} 49. Bc2 {[%clk 0:07:44]} Ne6+
{[%clk 1:24:41]} 50. Kg4 {[%clk 0:04:47]} Bxb5 {[%clk 1:24:40]} 51. h5
{[%clk 0:05:08]} Be2+ {[%clk 1:24:38]} 52. Kh4 {[%clk 0:05:36]} Bxh5
{[%clk 1:24:59]} 53. Kxh5 {[%clk 0:06:04]} b5 {[%clk 1:25:24]} 54. Kg4
{[%clk 0:03:40]} Kc5 {[%clk 1:25:41]} 55. Bh7 {[%clk 0:02:51]} Nc7
{[%clk 1:25:23]} 56. Be7+ {[%clk 0:01:42]} Kd4 {[%clk 1:25:40]} 57. Bg8
{[%clk 0:01:19]} Na6 {[%clk 1:25:44]} 58. Bd6 {[%clk 0:00:34]} Nc5
{[%clk 1:21:48]} 59. Kf3 {[%clk 0:00:40]} Nb7 {[%clk 1:20:47]} 60. Bf8
{[%clk 0:00:37]} Na5 {[%clk 1:18:39]} 61. Ke2 {[%clk 0:00:52]} Nc4
{[%clk 1:18:34]} 62. Bb4 {[%clk 0:00:44]} Ne5 {[%clk 1:18:43]} 63. Kd2
{[%clk 0:00:46]} Nc4+ {[%clk 1:19:09]} 64. Kc2 {[%clk 0:01:05]} Ne3+
{[%clk 1:19:33]} 65. Kb2 {[%clk 0:01:02]} Nc4+ {[%clk 1:19:32]} 66. Ka2
{[%clk 0:01:28]} Ne5 {[%clk 1:19:44]} 67. Bf8 {[%clk 0:01:33]} Nd7
{[%clk 1:18:24]} 68. Be7 {[%clk 0:01:40]} Nb8 {[%clk 1:17:12]} 69. Bf6+
{[%clk 0:01:38]} Kc5 {[%clk 1:17:35]} 70. Kb2 {[%clk 0:01:27]} Nd7
{[%clk 1:17:13]} 71. Be7+ {[%clk 0:01:54]} Kd4 {[%clk 1:17:25]} 72. Bd8
{[%clk 0:01:22]} Kd3 {[%clk 1:17:27]} 73. Be7 {[%clk 0:01:05]} Nb6
{[%clk 1:17:29]} 74. Bf7 {[%clk 0:01:05]} Nc4+ {[%clk 1:17:50]} 75. Ka2
{[%clk 0:01:31]} Ne3 {[%clk 1:17:11]} 76. Bf8 {[%clk 0:01:38]} Nd1
{[%clk 1:17:09]} 77. Be8 {[%clk 0:01:21]} Nc3+ {[%clk 1:16:20]} 78. Kb2
{[%clk 0:01:34]} Nd1+ {[%clk 1:16:44]} 79. Kc1 {[%clk 0:01:52]} Nc3
{[%clk 1:17:09]} 80. Bb4 {[%clk 0:00:39]} Ne2+ {[%clk 1:17:34]} 81. Kb2
{[%clk 0:01:06]} Kc4 {[%clk 1:17:57]} 82. Bf7+ {[%clk 0:00:58]} Kd3
{[%clk 1:18:22]} 83. Be6 {[%clk 0:01:06]} Kd4 {[%clk 1:17:37]} 84. Bh3
{[%clk 0:00:44]} Ng3 {[%clk 1:17:00]} 85. Be1 {[%clk 0:00:54]} Ne4
{[%clk 1:17:13]} 86. Bf1 {[%clk 0:01:21]} Nd6 {[%clk 1:17:31]} 87. Bf2+
{[%clk 0:01:47]} Kd5 {[%clk 1:17:53]} 88. Bg2+ {[%clk 0:01:21]} Kc4
{[%clk 1:18:14]} 89. Bg3 {[%clk 0:01:32]} Nf5 {[%clk 1:18:12]} 90. Bf1+
{[%clk 0:01:59]} Kd5 {[%clk 1:18:37]} 91. Bh2 {[%clk 0:01:15]} Kc6
{[%clk 1:17:11]} 92. Bg1 {[%clk 0:00:56]} Ne7 {[%clk 1:14:20]} 93. Kc3
{[%clk 0:01:04]} Nd5+ {[%clk 1:13:51]} 94. Kd4 {[%clk 0:01:27]} Nc7
{[%clk 1:12:58]} 95. Ke5 {[%clk 0:00:44]} Na6 {[%clk 1:12:25]} 96. Bg2+
{[%clk 0:00:34]} Kc7 {[%clk 1:12:49]} 97. Kd5 {[%clk 0:00:32]} b4
{[%clk 1:13:03]} 98. Kc4 {[%clk 0:00:32]} bxa3 {[%clk 1:13:21]} 99. Kb5
{[%clk 0:00:40]} Kd6 {[%clk 1:11:35]} 100. Bh2+ {[%clk 0:00:34]} Ke6
{[%clk 1:11:58]} 101. Bh3+ {[%clk 0:00:36]} Kf6 {[%clk 1:12:24]} 102. Bg1
{[%clk 0:00:37]} Ke5 {[%clk 1:12:38]} 103. Kc4 {[%clk 0:00:47]} a2
{[%clk 1:12:48]} 104. Bd4+ {[%clk 0:01:13]} Kf4 {[%clk 1:13:14]} 105. Kb5
{[%clk 0:00:34]} Ke4 {[%clk 1:12:40]} 106. Ba1 {[%clk 0:00:43]} Nc7+
{[%clk 1:12:30]} 107. Kc6 {[%clk 0:00:35]} Na6 {[%clk 1:12:46]} 108. Kb5
{[%clk 0:00:35]} Nc7+ {[%clk 1:13:11]} 109. Kxa4 {[%clk 0:01:00]} Ke3
{[%clk 1:13:21]} 110. Kb3 {[%clk 0:01:11]} Nd5 {[%clk 1:13:47]} 111. Bc8
{[%clk 0:01:12]} Ne7 {[%clk 1:13:56]} 112. Bb7 {[%clk 0:01:36]} Nf5
{[%clk 1:14:22]} 113. Kxa2 {[%clk 0:01:52]} Nd6 {[%clk 1:14:47]} 114. Ba8
{[%clk 0:01:48]} Nc4 {[%clk 1:15:01]} 115. Kb3 {[%clk 0:02:12]} Nd2+
{[%clk 1:15:25]} 116. Kb4 {[%clk 0:02:31]} Ne4 {[%clk 1:15:49]} 117. Bb2
{[%clk 0:02:29]} Nd2 {[%clk 1:16:06]} 118. Kc5 {[%clk 0:02:24]} Ne4+
{[%clk 1:16:30]} 119. Kd5 {[%clk 0:02:51]} Nd2 {[%clk 1:16:52]} 120. Bb7
{[%clk 0:02:54]} Nf3 {[%clk 1:17:16]} 121. Bc1+ {[%clk 0:02:51]} Kd3
{[%clk 1:17:42]} 122. Bf4 {[%clk 0:03:07]} Nd2 {[%clk 1:17:57]} 123. Ba6+
{[%clk 0:03:12]} Kc3 {[%clk 1:18:24]} 124. Bg3 {[%clk 0:02:40]} Kc2
{[%clk 1:18:39]} 125. Kd4 {[%clk 0:02:48]} Nb3+ {[%clk 1:19:02]} 126. Ke3
{[%clk 0:02:42]} Nc5 {[%clk 1:19:27]} 127. Be2 {[%clk 0:03:00]} Ne6
{[%clk 1:19:46]} 128. Bd6 {[%clk 0:02:57]} Kc3 {[%clk 1:20:10]} 129. Ke4
{[%clk 0:02:15]} Nd8 {[%clk 1:19:47]} 130. Kd5 {[%clk 0:01:43]} Nb7
{[%clk 1:19:55]} 131. Bg3 {[%clk 0:01:24]} Kd2 {[%clk 1:20:14]} 132. Bh5
{[%clk 0:00:39]} Na5 {[%clk 1:20:28]} 133. Bc7 {[%clk 0:00:40]} Nb3
{[%clk 1:20:37]} 134. Kc4 {[%clk 0:01:06]} Nc1 {[%clk 1:20:53]} 135. Bf4+
{[%clk 0:01:03]} Kc2 {[%clk 1:21:19]} 136. Bg6+ {[%clk 0:01:21]} Kd1
{[%clk 1:21:45]} 137. Bh5+ {[%clk 0:00:52]} Kc2 {[%clk 1:22:11]} 138. Be8
{[%clk 0:00:38]} Ne2 {[%clk 1:22:23]} 139. Ba4+ {[%clk 0:01:03]} Kb2
{[%clk 1:22:47]} 140. Be5+ {[%clk 0:01:01]} Ka3 {[%clk 1:22:55]} 141. Bd1
{[%clk 0:00:56]} Nc1 {[%clk 1:23:21]} 142. Kc3 {[%clk 0:00:51]} Na2+
{[%clk 1:23:45]} 143. Kc4 {[%clk 0:00:35]} Nc1 {[%clk 1:24:10]} 144. Bf4
{[%clk 0:00:33]} Kb2 {[%clk 1:24:25]} 145. Bd2 {[%clk 0:00:39]} Na2
{[%clk 1:24:46]} 146. Bg5 {[%clk 0:00:34]} Nc1 {[%clk 1:25:10]} 147. Bf6+
{[%clk 0:00:35]} Ka3 {[%clk 1:25:35]} 148. Kc3 {[%clk 0:00:34]} Na2+
{[%clk 1:26:01]} 149. Kd2 {[%clk 0:00:47]} Kb4 {[%clk 1:26:02]} 150. Kc2
{[%clk 0:01:01]} Kc4 {[%clk 1:26:23]} 151. Be2+ {[%clk 0:01:24]} Kc5
{[%clk 1:26:13]} 152. Kb2 {[%clk 0:01:01]} Nb4 {[%clk 1:26:35]} 153. Be7+
{[%clk 0:01:28]} 1-0

[Event "World Chess Olympiad 2018"]
[Site "Batumi"]
[Date "2018.09.27"]
[Round "4"]
[Board "1"]
[WhiteFideId "14700077"]
[White "Amonatov Farrukh"]
[BlackFideId "24116068"]
[Black "Giri Anish"]
[Result "0-1"]
[LiveChessVersion "1.4.8"]
[BlackElo "2780"]
[WhiteElo "2615"]

1. e4 {[%clk 1:30:55]} c5 {[%clk 1:30:57]} 2. Nf3 {[%clk 1:31:12]} d6
{[%clk 1:31:23]} 3. d4 {[%clk 1:31:36]} cxd4 {[%clk 1:31:50]} 4. Nxd4
{[%clk 1:32:01]} Nf6 {[%clk 1:32:16]} 5. Nc3 {[%clk 1:32:25]} a6 {[%clk 1:32:44]}
6. h3 {[%clk 1:31:44]} e6 {[%clk 1:33:08]} 7. g4 {[%clk 1:32:11]} Nfd7
{[%clk 1:33:26]} 8. Be3 {[%clk 1:22:48]} Be7 {[%clk 1:32:42]} 9. g5
{[%clk 1:22:03]} b5 {[%clk 1:32:14]} 10. h4 {[%clk 1:19:03]} Bb7 {[%clk 1:31:42]}
11. a3 {[%clk 1:19:13]} Nc6 {[%clk 1:31:05]} 12. Qh5 {[%clk 1:15:25]} O-O
{[%clk 1:22:58]} 13. O-O-O {[%clk 1:12:28]} Qa5 {[%clk 1:07:11]} 14. Bh3
{[%clk 1:03:29]} b4 {[%clk 0:52:21]} 15. axb4 {[%clk 0:47:08]} Nxb4
{[%clk 0:52:31]} 16. Kb1 {[%clk 0:40:16]} Nc5 {[%clk 0:47:24]} 17. Bf5
{[%clk 0:27:36]} exf5 {[%clk 0:45:00]} 18. Nxf5 {[%clk 0:27:54]} Bxe4
{[%clk 0:41:37]} 19. Nxe7+ {[%clk 0:27:36]} Kh8 {[%clk 0:42:06]} 20. Bxc5
{[%clk 0:26:27]} Bxc2+ {[%clk 0:42:13]} 21. Kc1 {[%clk 0:26:56]} dxc5
{[%clk 0:42:16]} 0-1

[Event "World Chess Olympiad 2018"]
[Site "Batumi"]
[Date "2018.09.27"]
[Round "4"]
[Board "2"]
[WhiteFideId "1007998"]
[White "L'Ami Erwin"]
[BlackFideId "14700247"]
[Black "Khusenkhojaev Muhammad"]
[Result "1-0"]
[LiveChessVersion "1.4.8"]
[BlackElo "2430"]
[WhiteElo "2639"]

1. e4 {[%clk 1:30:56]} e5 {[%clk 1:30:41]} 2. Nf3 {[%clk 1:31:17]} Nf6
{[%clk 1:30:58]} 3. Nxe5 {[%clk 1:30:17]} d6 {[%clk 1:31:21]} 4. Nf3
{[%clk 1:29:45]} Nxe4 {[%clk 1:31:44]} 5. Nc3 {[%clk 1:29:37]} Nxc3
{[%clk 1:31:49]} 6. dxc3 {[%clk 1:29:57]} Be7 {[%clk 1:31:49]} 7. Be3
{[%clk 1:28:48]} Nc6 {[%clk 1:31:32]} 8. Bd3 {[%clk 1:26:57]} Be6
{[%clk 1:28:50]} 9. Qe2 {[%clk 1:27:02]} Qd7 {[%clk 1:13:11]} 10. O-O-O
{[%clk 1:26:38]} O-O {[%clk 1:11:05]} 11. h4 {[%clk 1:22:42]} a6 {[%clk 1:06:37]}
12. Ng5 {[%clk 1:18:30]} h6 {[%clk 1:00:06]} 13. Nxe6 {[%clk 1:17:11]} Qxe6
{[%clk 1:00:28]} 14. Bc4 {[%clk 1:15:13]} Qd7 {[%clk 0:59:34]} 15. Qh5
{[%clk 1:04:11]} Bf6 {[%clk 0:54:12]} 16. Rh3 {[%clk 0:55:52]} Ne5
{[%clk 0:48:39]} 17. Be2 {[%clk 0:54:28]} Rfe8 {[%clk 0:44:52]} 18. Rg3
{[%clk 0:46:12]} Kf8 {[%clk 0:43:45]} 19. Kb1 {[%clk 0:45:29]} Ng6
{[%clk 0:40:54]} 20. Bd3 {[%clk 0:41:15]} Re5 {[%clk 0:35:05]} 21. Qf3
{[%clk 0:39:23]} Nxh4 {[%clk 0:31:18]} 22. Qxb7 {[%clk 0:38:15]} Ree8
{[%clk 0:29:01]} 23. Qd5 {[%clk 0:29:26]} Rab8 {[%clk 0:24:51]} 24. Bd4
{[%clk 0:28:47]} Be5 {[%clk 0:24:26]} 25. Bxe5 {[%clk 0:23:30]} Rxe5
{[%clk 0:24:48]} 26. Qd4 {[%clk 0:23:53]} Qe7 {[%clk 0:22:35]} 27. f4
{[%clk 0:17:14]} c5 {[%clk 0:22:56]} 28. Qf2 {[%clk 0:17:14]} Re6
{[%clk 0:21:37]} 29. f5 {[%clk 0:14:29]} Rf6 {[%clk 0:19:26]} 30. b3
{[%clk 0:06:10]} Ng6 {[%clk 0:15:12]} 31. Re3 {[%clk 0:06:02]} Ne5
{[%clk 0:15:39]} 32. Qe2 {[%clk 0:05:57]} a5 {[%clk 0:14:37]} 33. g4
{[%clk 0:04:16]} Qc7 {[%clk 0:10:58]} 34. Re4 {[%clk 0:03:45]} h5
{[%clk 0:10:53]} 35. g5 {[%clk 0:02:10]} Rxf5 {[%clk 0:11:08]} 36. Qxh5
{[%clk 0:02:33]} g6 {[%clk 0:01:21]} 37. Qh6+ {[%clk 0:02:31]} Ke7
{[%clk 0:01:50]} 38. Re3 {[%clk 0:01:54]} Rf3 {[%clk 0:01:45]} 39. Rxf3
{[%clk 0:01:52]} Nxf3 {[%clk 0:02:11]} 40. Bxg6 {[%clk 0:31:57]} Ne5
{[%clk 0:30:48]} 41. Bf5 1-0

[Event "World Chess Olympiad 2018"]
[Site "Batumi"]
[Date "2018.09.27"]
[Round "4"]
[Board "3"]
[WhiteFideId "14700727"]
[White "Khusenkhojaev Mustafokhuja"]
[BlackFideId "1039784"]
[Black "Van Foreest Jorden"]
[Result "0-1"]
[LiveChessVersion "1.4.8"]
[BlackElo "2624"]
[WhiteElo "2229"]

1. d4 {[%clk 1:30:58]} Nf6 {[%clk 1:30:53]} 2. Nf3 {[%clk 1:31:18]} d5
{[%clk 1:31:11]} 3. c4 {[%clk 1:31:35]} e6 {[%clk 1:31:34]} 4. Nc3
{[%clk 1:31:30]} dxc4 {[%clk 1:31:52]} 5. Bg5 {[%clk 1:28:48]} a6
{[%clk 1:32:10]} 6. e4 {[%clk 1:26:34]} b5 {[%clk 1:32:17]} 7. e5
{[%clk 1:25:18]} h6 {[%clk 1:32:38]} 8. Bh4 {[%clk 1:25:07]} g5 {[%clk 1:32:56]}
9. Nxg5 {[%clk 1:24:37]} hxg5 {[%clk 1:32:55]} 10. Bxg5 {[%clk 1:24:56]} Nbd7
{[%clk 1:32:58]} 11. exf6 {[%clk 1:23:08]} Bb7 {[%clk 1:33:17]} 12. Qd2
{[%clk 1:06:52]} Nxf6 {[%clk 1:26:47]} 13. O-O-O {[%clk 0:58:19]} Be7
{[%clk 1:22:16]} 14. h4 {[%clk 0:51:31]} Qd7 {[%clk 1:16:42]} 15. f3
{[%clk 0:49:03]} O-O-O {[%clk 1:08:04]} 16. Kb1 {[%clk 0:41:58]} e5
{[%clk 0:50:44]} 17. dxe5 {[%clk 0:38:51]} Qf5+ {[%clk 0:49:44]} 18. Qc2
{[%clk 0:39:12]} Rxd1+ {[%clk 0:50:06]} 19. Nxd1 {[%clk 0:39:37]} Qxe5
{[%clk 0:50:23]} 20. Qe2 {[%clk 0:32:46]} Qc5 {[%clk 0:37:12]} 21. Ne3
{[%clk 0:26:41]} Re8 {[%clk 0:33:24]} 22. Qc2 {[%clk 0:21:36]} Ne4
{[%clk 0:30:03]} 23. fxe4 {[%clk 0:12:37]} Bxg5 {[%clk 0:29:56]} 24. Nxc4
{[%clk 0:11:50]} bxc4 {[%clk 0:28:46]} 25. Bxc4 {[%clk 0:12:13]} Be3
{[%clk 0:28:03]} 26. Qb3 {[%clk 0:11:06]} Rxe4 {[%clk 0:27:48]} 27. Bxf7
{[%clk 0:11:23]} Rb4 {[%clk 0:27:07]} 28. Qe6+ {[%clk 0:10:52]} Kb8
{[%clk 0:27:32]} 29. Re1 {[%clk 0:10:29]} Be4+ {[%clk 0:24:55]} 30. Ka1
{[%clk 0:10:54]} Bd4 {[%clk 0:24:59]} 31. Qe8+ {[%clk 0:10:32]} Ka7
{[%clk 0:25:21]} 32. Bb3 {[%clk 0:10:37]} Rxb3 {[%clk 0:25:30]} 0-1

[Event "World Chess Olympiad 2018"]
[Site "Batumi"]
[Date "2018.09.27"]
[Round "4"]
[Board "4"]
[WhiteFideId "1008013"]
[White "Tiviakov Sergei"]
[BlackFideId "14700859"]
[Black "Kabilov Amin"]
[Result "1-0"]
[LiveChessVersion "1.4.8"]
[BlackElo "2178"]
[WhiteElo "2604"]

1. e4 {[%clk 1:30:55]} e5 {[%clk 1:30:35]} 2. Nf3 {[%clk 1:31:20]} d6
{[%clk 1:30:52]} 3. d4 {[%clk 1:31:44]} exd4 {[%clk 1:31:08]} 4. Nxd4
{[%clk 1:32:08]} Nf6 {[%clk 1:31:17]} 5. Nc3 {[%clk 1:32:30]} Be7
{[%clk 1:31:35]} 6. Bc4 {[%clk 1:25:04]} O-O {[%clk 1:31:15]} 7. O-O
{[%clk 1:25:31]} Nxe4 {[%clk 1:26:27]} 8. Nxe4 {[%clk 1:25:55]} d5
{[%clk 1:26:52]} 9. Bd3 {[%clk 1:26:19]} dxe4 {[%clk 1:26:34]} 10. Bxe4
{[%clk 1:26:45]} Nd7 {[%clk 1:20:27]} 11. c3 {[%clk 1:26:23]} Nf6
{[%clk 1:18:10]} 12. Bf3 {[%clk 1:23:20]} Re8 {[%clk 0:58:49]} 13. Qc2
{[%clk 1:20:46]} c6 {[%clk 0:54:06]} 14. Nf5 {[%clk 1:16:19]} Qa5
{[%clk 0:45:21]} 15. Nxe7+ {[%clk 0:57:16]} Rxe7 {[%clk 0:45:38]} 16. Be3
{[%clk 0:56:02]} Bg4 {[%clk 0:42:01]} 17. Bxg4 {[%clk 0:54:33]} Nxg4
{[%clk 0:42:17]} 18. Bf4 {[%clk 0:53:21]} Rae8 {[%clk 0:39:20]} 19. h3
{[%clk 0:49:10]} Nf6 {[%clk 0:36:38]} 20. Be3 {[%clk 0:42:44]} Nd5
{[%clk 0:30:05]} 21. Bd2 {[%clk 0:43:09]} Re2 {[%clk 0:23:20]} 22. Qd3
{[%clk 0:43:24]} Qb5 {[%clk 0:18:42]} 23. Qxb5 {[%clk 0:42:55]} cxb5
{[%clk 0:19:06]} 24. Rfd1 {[%clk 0:36:53]} f6 {[%clk 0:14:51]} 25. Kf1
{[%clk 0:36:55]} Kf7 {[%clk 0:13:49]} 26. a4 {[%clk 0:35:47]} bxa4
{[%clk 0:07:10]} 27. Rxa4 {[%clk 0:36:10]} a6 {[%clk 0:07:25]} 28. Rd4
{[%clk 0:17:24]} R2e5 {[%clk 0:05:25]} 29. c4 {[%clk 0:17:49]} Ne7
{[%clk 0:03:52]} 30. Rd7 {[%clk 0:17:54]} b5 {[%clk 0:03:05]} 31. Bc3
{[%clk 0:18:13]} Re6 {[%clk 0:02:06]} 32. cxb5 {[%clk 0:18:31]} axb5
{[%clk 0:02:31]} 33. Rb7 {[%clk 0:18:42]} Kg6 {[%clk 0:02:33]} 34. Rdd7
{[%clk 0:15:46]} h5 {[%clk 0:01:14]} 35. Bb4 {[%clk 0:15:32]} Nc6
{[%clk 0:00:58]} 36. Rxg7+ {[%clk 0:15:43]} Kf5 {[%clk 0:01:21]} 37. Rxb5+
{[%clk 0:15:53]} Ke4 {[%clk 0:01:23]} 38. Bc3 {[%clk 0:14:23]} Kd3
{[%clk 0:01:43]} 39. Rxh5 {[%clk 0:14:12]} Ra8 {[%clk 0:01:25]} 40. Rd7+
{[%clk 0:44:02]} Kc2 {[%clk 0:31:28]} 41. g3 {[%clk 0:44:24]} Ne5
{[%clk 0:29:14]} 42. Rd2+ {[%clk 0:44:19]} Kc1 {[%clk 0:29:19]} 43. Rf5
{[%clk 0:44:29]} Nf7 {[%clk 0:25:13]} 44. Re2 {[%clk 0:44:22]} Rxe2
{[%clk 0:25:19]} 45. Kxe2 {[%clk 0:44:47]} Re8+ {[%clk 0:25:45]} 46. Kf1
{[%clk 0:45:09]} Nd6 {[%clk 0:25:28]} 47. Rxf6 {[%clk 0:45:33]} Ne4
{[%clk 0:25:42]} 48. Rf5 {[%clk 0:45:58]} 1-0

[Event "World Chess Olympiad 2018"]
[Site "Batumi"]
[Date "2018.09.27"]
[Round "4"]
[Board "1"]
[WhiteFideId "13702661"]
[White "Jumabayev Rinat"]
[BlackFideId "13504398"]
[Black "Kovalev Vladislav"]
[Result "0-1"]
[LiveChessVersion "1.4.8"]
[BlackElo "2664"]
[WhiteElo "2605"]

1. c4 {[%clk 1:30:59]} Nf6 {[%clk 1:30:47]} 2. Nc3 {[%clk 1:31:26]} e6
{[%clk 1:30:56]} 3. Nf3 {[%clk 1:30:04]} d5 {[%clk 1:31:09]} 4. e3
{[%clk 1:30:28]} c5 {[%clk 1:28:53]} 5. cxd5 {[%clk 1:30:39]} exd5
{[%clk 1:27:03]} 6. d4 {[%clk 1:31:05]} a6 {[%clk 1:11:27]} 7. Be2
{[%clk 1:24:18]} Nc6 {[%clk 1:06:26]} 8. O-O {[%clk 1:24:37]} Bd6
{[%clk 1:06:26]} 9. dxc5 {[%clk 1:00:03]} Bxc5 {[%clk 1:04:43]} 10. a3
{[%clk 0:56:22]} O-O {[%clk 1:01:55]} 11. b4 {[%clk 0:55:20]} Ba7
{[%clk 0:52:27]} 12. b5 {[%clk 0:55:15]} axb5 {[%clk 0:45:59]} 13. Nxb5
{[%clk 0:55:37]} Bb8 {[%clk 0:45:43]} 14. Bb2 {[%clk 0:51:51]} Ne4
{[%clk 0:40:00]} 15. Qc2 {[%clk 0:50:44]} Qe7 {[%clk 0:39:13]} 16. Rfd1
{[%clk 0:50:38]} Rd8 {[%clk 0:39:17]} 17. Nc3 {[%clk 0:33:35]} Nf6
{[%clk 0:37:28]} 18. h3 {[%clk 0:32:09]} h6 {[%clk 0:34:56]} 19. Bf1
{[%clk 0:30:50]} Ne5 {[%clk 0:27:51]} 20. Nxe5 {[%clk 0:27:49]} Bxe5
{[%clk 0:24:37]} 21. Nb5 {[%clk 0:27:28]} Bf5 {[%clk 0:18:56]} 22. Qb3
{[%clk 0:26:34]} Bxb2 {[%clk 0:19:21]} 23. Qxb2 {[%clk 0:27:01]} Ra5
{[%clk 0:19:34]} 24. Qb4 {[%clk 0:23:26]} Qxb4 {[%clk 0:19:54]} 25. axb4
{[%clk 0:23:52]} Raa8 {[%clk 0:18:04]} 26. f3 {[%clk 0:23:49]} Kf8
{[%clk 0:16:30]} 27. Rxa8 {[%clk 0:16:15]} Rxa8 {[%clk 0:16:59]} 28. Nd6
{[%clk 0:16:39]} Be6 {[%clk 0:11:08]} 29. Nxb7 {[%clk 0:15:39]} Rb8
{[%clk 0:11:34]} 30. Ba6 {[%clk 0:15:55]} Bc8 {[%clk 0:09:27]} 31. Nc5
{[%clk 0:16:17]} Bxa6 {[%clk 0:09:46]} 32. Nxa6 {[%clk 0:16:45]} Rb6
{[%clk 0:10:15]} 33. Ra1 {[%clk 0:17:00]} d4 {[%clk 0:10:42]} 34. e4
{[%clk 0:15:37]} Nh5 {[%clk 0:10:10]} 35. Nc7 {[%clk 0:06:49]} Nf4
{[%clk 0:10:27]} 36. g3 {[%clk 0:05:03]} Ne2+ {[%clk 0:10:33]} 37. Kf2
{[%clk 0:05:04]} Nc3 {[%clk 0:11:01]} 38. Na6 {[%clk 0:03:27]} g5
{[%clk 0:05:30]} 39. e5 {[%clk 0:02:20]} f6 {[%clk 0:02:17]} 40. exf6
{[%clk 0:30:56]} Kf7 {[%clk 0:32:12]} 41. Ke1 {[%clk 0:26:55]} Rxf6
{[%clk 0:30:20]} 42. Nc7 {[%clk 0:24:20]} Rxf3 {[%clk 0:28:59]} 43. b5
{[%clk 0:24:43]} Rxg3 {[%clk 0:24:19]} 44. Kf1 {[%clk 0:14:13]} Rxh3
{[%clk 0:13:55]} 45. Kg2 {[%clk 0:12:53]} Re3 {[%clk 0:13:58]} 46. Rf1+
{[%clk 0:11:10]} Ke7 {[%clk 0:14:02]} 47. b6 {[%clk 0:11:19]} Re2+
{[%clk 0:07:16]} 48. Rf2 {[%clk 0:11:41]} Rxf2+ {[%clk 0:04:32]} 49. Kxf2
{[%clk 0:12:03]} Ne4+ {[%clk 0:04:36]} 50. Kf3 {[%clk 0:10:12]} Nc5
{[%clk 0:04:59]} 51. Nb5 {[%clk 0:02:42]} d3 {[%clk 0:05:26]} 52. Ke3
{[%clk 0:01:33]} Kd7 {[%clk 0:05:42]} 53. Nd4 {[%clk 0:00:50]} h5
{[%clk 0:03:30]} 54. Nf3 {[%clk 0:00:36]} g4 {[%clk 0:03:38]} 55. Ne5+
{[%clk 0:01:05]} Kc8 {[%clk 0:03:48]} 56. Ng6 {[%clk 0:00:35]} Kb7
{[%clk 0:03:54]} 0-1

[Event "World Chess Olympiad 2018"]
[Site "Batumi"]
[Date "2018.09.27"]
[Round "4"]
[Board "2"]
[WhiteFideId "13502956"]
[White "Zhigalko Sergei"]
[BlackFideId "13701525"]
[Black "Ismagambetov Anuar"]
[Result "1/2-1/2"]
[LiveChessVersion "1.4.8"]
[BlackElo "2538"]
[WhiteElo "2610"]

1. e4 {[%clk 1:30:56]} c5 {[%clk 1:30:49]} 2. Nf3 {[%clk 1:31:22]} d6
{[%clk 1:30:47]} 3. d4 {[%clk 1:29:47]} cxd4 {[%clk 1:31:06]} 4. Nxd4
{[%clk 1:30:01]} Nf6 {[%clk 1:31:29]} 5. Nc3 {[%clk 1:30:23]} a6 {[%clk 1:31:54]}
6. Be3 {[%clk 1:29:55]} e5 {[%clk 1:30:56]} 7. Nb3 {[%clk 1:29:37]} Be6
{[%clk 1:31:06]} 8. Qd2 {[%clk 1:27:25]} Be7 {[%clk 1:30:31]} 9. O-O-O
{[%clk 1:24:13]} O-O {[%clk 1:26:58]} 10. Kb1 {[%clk 1:08:34]} Ng4
{[%clk 1:12:17]} 11. g3 {[%clk 1:08:26]} b5 {[%clk 1:08:18]} 12. f4
{[%clk 1:00:03]} b4 {[%clk 1:04:30]} 13. Na4 {[%clk 0:56:57]} Nxe3
{[%clk 1:02:18]} 14. Qxe3 {[%clk 0:57:23]} Nc6 {[%clk 1:00:17]} 15. f5
{[%clk 0:47:50]} Bxb3 {[%clk 0:55:15]} 16. cxb3 {[%clk 0:46:45]} Nd4
{[%clk 0:54:18]} 17. Bc4 {[%clk 0:45:08]} Kh8 {[%clk 0:38:55]} 18. h4
{[%clk 0:41:03]} g6 {[%clk 0:38:43]} 19. g4 {[%clk 0:35:27]} g5 {[%clk 0:34:17]}
20. Nb6 {[%clk 0:35:10]} gxh4 {[%clk 0:31:30]} 21. Nxa8 {[%clk 0:21:45]} Bg5
{[%clk 0:28:34]} 22. Qe1 {[%clk 0:10:51]} Qxa8 {[%clk 0:28:36]} 23. Qxb4
{[%clk 0:11:08]} Qxe4+ {[%clk 0:25:32]} 24. Bd3 {[%clk 0:11:36]} Qc6
{[%clk 0:24:05]} 25. Qc4 {[%clk 0:06:55]} a5 {[%clk 0:20:16]} 26. Qxc6
{[%clk 0:05:09]} Nxc6 {[%clk 0:20:42]} 27. Be4 {[%clk 0:03:22]} Nd4
{[%clk 0:21:07]} 28. Rh3 {[%clk 0:03:32]} Rd8 {[%clk 0:13:29]} 29. Bd5
{[%clk 0:03:29]} h5 {[%clk 0:11:42]} 30. gxh5 {[%clk 0:02:04]} Nxf5
{[%clk 0:11:21]} 31. Bxf7 {[%clk 0:01:15]} Kg7 {[%clk 0:09:39]} 32. Bd5
{[%clk 0:01:04]} 1/2-1/2